Trò chuyện với văn nghệ sĩ; T1

Salvato in:
Dettagli Bibliografici
Autore principale: Lê Hoàng Anh
Natura: Libro
Lingua:Undetermined
Pubblicazione: Tp. HCM Thanh Niên 1998
Soggetti:
Tags: Aggiungi Tag
Nessun Tag, puoi essere il primo ad aggiungerne! !
Thư viện lưu trữ: Trung tâm Học liệu Trường Đại học Cần Thơ
LEADER 00549nam a2200193Ia 4500
001 CTU_35836
008 210402s9999 xx 000 0 und d
020 |b 20.000đ 
082 |a 809 
082 |b A107/T1 
100 |a Lê Hoàng Anh 
245 0 |a Trò chuyện với văn nghệ sĩ; T1 
245 0 |c Lê Hoàng Anh 
260 |a Tp. HCM 
260 |b Thanh Niên 
260 |c 1998 
650 |a vietnamese literature - history and criticism 
904 |i Minh, 000317 
980 |a Trung tâm Học liệu Trường Đại học Cần Thơ